Statistics for Richest Countries By Decade (PPP)

Click here to take the quiz!

General Stats

  • This quiz has been taken 196 times
  • The average score is 77 of 80

Answer Stats

DecadeWealth (US $)Country% Correct
1950$2.4 TUnited States
100%
1960$3.2 TUnited States
100%
$20.5 TUnited States
100%
2010$16.3 TUnited States
100%
2000$10.9 TUnited States
100%
1980$6.4 TUnited States
100%
1970$4.7 TUnited States
100%
1990$8.2 TUnited States
100%
$1.1 TChina
99%
$634 BChina
99%
$1.7 TChina
99%
2019$23.9 TChina
99%
$8.7 TChina
99%
$522 BChina
99%
$1.2 TGermany
99%
$2.2 TGermany
99%
$1.7 TGermany
99%
$947 BGermany
99%
$4.5 TGermany
99%
$3.4 TGermany
99%
$759 BGermany
99%
$1.5 TGermany
99%
$1.4 TUnited Kingdom
99%
$887 BUnited Kingdom
99%
$484 BUnited Kingdom
99%
$1.1 TUnited Kingdom
99%
$753 BUnited Kingdom
99%
$2.2 TUnited Kingdom
99%
$595 BUnited Kingdom
99%
$4.4 TJapan
98%
$1.4 TJapan
98%
$3.5 TJapan
98%
$1.1 TJapan
98%
$7.1 TJapan
98%
$1.9 TJapan
98%
$2.7 TJapan
98%
$5.8 TJapan
98%
$1.1 TFrance
97%
$1.6 TFrance
97%
$2.3 TFrance
97%
$739 BFrance
97%
$602 BFrance
97%
$1.3 TFrance
97%
$931 BFrance
97%
$1.2 TBrazil
96%
$2.3 TBrazil
96%
$3.6 TBrazil
96%
$321 BBrazil
96%
$906 BBrazil
96%
$413 BBrazil
96%
$550 BBrazil
96%
$705 BBrazil
96%
$1.0 TIndia
96%
$10.6 TIndia
96%
$394 BIndia
96%
$2.9 TIndia
96%
$787 BItaly
96%
$944 BItaly
96%
$467 BItaly
96%
$581 BItaly
96%
$1.1 TItaly
96%
$1.3 TItaly
96%
$297 BSpain
96%
$4.0 TRussia
95%
$510 BRussia
95%
$1.0 TRussia
95%
$853 BRussia
95%
$405 BRussia
95%
$2.5 TRussia
95%
$714 BRussia
95%
$1.4 TRussia
95%
$839 BCanada
92%
$448 BCanada
92%
$571 BCanada
92%
$704 BCanada
92%
$364 BCanada
92%
$3.4 TMexico
91%
$2.1 TIndonesia
88%
$4.4 TIndonesia
88%
$3.2 TIran
66%

Score Distribution

Percentile by Number Answered

Percent of People with Each Score

Your Score History

You have not taken this quiz